NBA Top Assists Per Team 2010s - Statistics

General Stats
  • This quiz has been taken 419 times
  • The average score is 57 of 91
Answer Stats
Team Player % Correct
Cavaliers, Heat, Lakers LeBron James
98%
Pelicans, Clippers, Rockets Chris Paul
96%
Thunder Russell Westbrook
96%
Warriors Stephen Curry
96%
Warriors Draymond Green
95%
Trail Blazers Damian Lillard
94%
Spurs Tony Parker
94%
Bulls Derrick Rose
93%
Rockets James Harden
93%
Wizards John Wall
93%
Rockets, Raptors Kyle Lowry
93%
Heat Dwyane Wade
92%
Cavaliers, Celtics Kyrie Irving
91%
Hornets Kemba Walker
90%
Suns, Lakers Steve Nash
90%
Mavericks Jason Kidd
89%
Grizzlies Mike Conley
89%
Nuggets Nikola Jokic
89%
Celtics, Mavericks, Kings, Bulls, Pelicans Rajon Rondo
89%
76ers Ben Simmons
87%
76ers, Bucks Michael Carter-Williams
87%
Hawks Trae Young
87%
Jazz, Nets, Mavericks Deron Williams
86%
Suns Devin Booker
86%
76ers, Pelicans Jrue Holiday
86%
Lakers Kobe Bryant
86%
Clippers Lou Williams
86%
Mavericks Luka Doncic
86%
Cavaliers, Jazz, Timberwolves Mo Williams
86%
Bucks Giannis Antetokounmpo
85%
Kings, Celtics Isaiah Thomas
85%
Kings De'Aaron Fox
79%
Hawks, Pacers, Timberwolves Jeff Teague
79%
Lakers, Nets D'Angelo Russell
78%
Suns, Heat Goran Dragic
78%
Pelicans, Nets, Knicks Jarrett Jack
74%
Bulls Jimmy Butler
74%
Spurs DeMar DeRozan
73%
Timberwolves, Jazz Ricky Rubio
73%
Knicks Carmelo Anthony
72%
Pistons Reggie Jackson
72%
Bucks Eric Bledsoe
71%
Suns Eric Bledsoe
71%
76ers, Pistons Ish Smith
71%
Jazz George Hill
69%
Pacers George Hill
69%
Lakers Lonzo Ball
69%
Clippers Baron Davis
63%
Warriors, Mavericks, Pacers Monta Ellis
63%
Nuggets Chauncey Billups
61%
Magic, Nuggets Jameer Nelson
60%
Hawks Joe Johnson
59%
Nuggets Ty Lawson
59%
Bucks, Pistons, Knicks Brandon Jennings
58%
Nets, Jazz Devin Harris
54%
Hawks Dennis Schröder
53%
Jazz Gordon Hayward
53%
Clippers, Pistons Blake Griffin
52%
Wizards Gilbert Arenas
52%
Knicks, Rockets, Nets Jeremy Lin
52%
76ers Andre Iguodala
50%
Pacers, Mavericks, Kings Darren Collison
50%
Kings DeMarcus Cousins
48%
Kings, Grizzlies Tyreke Evans
48%
Pistons, Bucks Brandon Knight
47%
Hornets, Magic D.J. Augustin
47%
Nets Spencer Dinwiddie
47%
Bulls Kirk Hinrich
44%
Magic Elfrid Payton
43%
Trail Blazers, Nuggets Andre Miller
41%
Hornets, Trail Blazers, Knicks Raymond Felton
41%
Mavericks J.J. Barea
40%
Raptors, Knicks Jose Calderon
40%
Bulls Kris Dunn
36%
Bulls Joakim Noah
35%
Pacers Lance Stephenson
34%
Hornets Nicolas Batum
34%
Celtics Evan Turner
30%
76ers T.J. McConnell
30%
Nuggets, Knicks Emmanuel Mudiay
29%
Rockets Aaron Brooks
28%
Jazz Trey Burke
24%
Pistons Rodney Stuckey
21%
Timberwolves Jonny Flynn
20%
Cavaliers Matthew Dellavedova
19%
Pelicans Greivis Vasquez
17%
Pacers Earl Watson
13%
Timberwolves Luke Ridnour
13%
Lakers Marcelo Huertas
10%
Knicks Chris Duhon
8%
Lakers Kendall Marshall
7%
No matching quizzes found
Score Distribution
Percent of People with Each Score
Percentile by Number Answered
Your Score History
You have not taken this quiz